The development of criteria and score cards for use in selecting locations for area vocational-technical schools /

Bibliographic Details
Main Author: Perkins, Neal Baker, 1919-
Format: Thesis Microform Book
Language:English
Published: [Place of publication not identified] : [publisher not identified] ; 1962.
Subjects:

MARC

Tag First Indicator Second Indicator Subfields
LEADER 00000cam a2200000 a 4500
001 in00000103420
005 20150929180404.0
007 hd af| c|||
008 821210r1962 miu ab 00010 eng d
035 |a (OCoLC)09041559 
035 |9 AAN2641AM 
040 |a TXA  |c TXA  |d UtOrBLW 
049 |a TXAI 
099 |a film  |a B  |a 1008 
100 1 |a Perkins, Neal Baker,  |d 1919- 
245 1 4 |a The development of criteria and score cards for use in selecting locations for area vocational-technical schools /  |c by Neal Baker Perkins. 
264 1 |a [Place of publication not identified] :  |b [publisher not identified] ;  |c 1962. 
300 |a vi, 161 unnumbered leaves. 
336 |a text  |b txt  |2 rdacontent 
337 |a microform  |b h  |2 rdamedia 
338 |a microfilm reel  |b hd  |2 rdacarrier 
500 |a Vita. 
502 |b Ed. D.  |c Pennsylvania State University  |d 1962. 
504 |a Bibliography: leaves 107-117. 
533 |a Microfilm.  |b Ann Arbor, Mich. :  |c University Microfilms,  |d 1962.  |e 1 microfilm reel ; 35 mm. 
500 |a Microform. 
650 0 |a School sites. 
650 0 |a Technical education. 
650 0 |a Vocational education. 
999 |a MARS 
999 f f |s 2944512c-2cf7-3443-a0c7-78e27255bc36  |i b69f812f-510f-30eb-aacf-b920070b38f1  |t 0 
952 f f |p default  |a Texas A&M University  |b College Station  |c Sterling C. Evans Library  |d Evans: Microforms (3rd floor)  |t 0  |e film B 1008  |h Other scheme  |i microform -- microfilm reel 
998 f f |a film B 1008  |t 0  |l Evans: Microforms (3rd floor)